000 00944naa a22002777a 4500
001 BR6009519
003 BR-BrBNA
005 20240918173033.0
007 ta
008 230509b bl.||||| |||| 00| 0 por d
040 _aBR-BrBNA
_bpor
_cBiblioteca Nacional de Agricultura
041 _a(Pt)
072 _aF00; F70
_b1990
_bG514
090 _aF00 BR6009519
100 1 _aAraujo, A.A. de
111 1 _a5. Congresso Rural
_cPorto Alegre, RS (Brazil)
_d24 May 1931
245 1 _aPlantas forrageiras exoticas, necessidade do estudo e cultivo das forrageiras [Rio Grande do Sul; Brasil]
260 3 _aPorto Alegre, RS (Brasil):
_c1931.
500 _aAnnaes do 5. Cngresso Rural Porto Alegre, RS (Brasil): 1931. p. 259-268 (BR6009519-AM)F00
650 _aProducao vegetal
650 _aPlanta forrageira
650 _aTaxonomia vegetal
650 _aMelhoramento vegetal
909 _a202404
_bLucia
_c55
_dLucia Elande
942 _cAM
_2AGRIS
999 _c302601
_d302601